| 000 | 00984nam a22002537a 4500 | ||
|---|---|---|---|
| 999 |
_c7092 _d7092 |
||
| 003 | AR-CdUCM | ||
| 008 | 190319b ||||| |||| 00| 0 spa d | ||
| 020 | _a0-13-906628-4 | ||
| 040 |
_aMUNICIPALIDAD PROVINCIAL DEL CUSCO _cBIBLIOTECA MUNICIPAL DEL CUSCO |
||
| 041 | _heng | ||
| 082 |
_a624.171 / _bH81 |
||
| 100 |
_aHsieh, Yuan-Yu _919976 |
||
| 245 | _aTeoría elemental de estructuras / | ||
| 260 |
_aNew Jersey : _bPrentice-Hall, _c1973. |
||
| 300 |
_aXIV, 440 páginas ; _bfiguras, _c24 cm. |
||
| 505 | _aContenido: Estabilidad y determinación de estructuras -- Vigas estaticamente determinadas -- Cerchas estaticamente determinadas -- Pórticos rígidos y estructuras compuestas estaticamente determinadas ... | ||
| 650 |
_aEstructuras _919977 |
||
| 650 |
_aTeoria _95077 |
||
| 650 |
_aDeformaciones elásticas _919978 |
||
| 650 |
_aÁlgebra matricial _919979 |
||
| 700 |
_aPalomino I., Armando (traducción y adaptación) _919980 |
||
| 942 |
_2ddc _cLIBROS |
||
| 945 | _aachl | ||